Early Netherlandish School (Record no. 6844)

MARC details
000 -CABECERA
campo de control de longitud fija 00824nam a2200253 a 4500
001 - NÚMERO DE CONTROL
campo de control BRCA_7163
005 - FECHA Y HORA DE LA ÚLTIMA TRANSACCIÓN
campo de control 20190321142931.0
008 - DATOS DE LONGITUD FIJA--INFORMACIÓN GENERAL
campo de control de longitud fija 120112s1947----enka######---#000-0#eng-#
041 ## - CÓDIGO DE LENGUA
Código de lengua del texto/banda sonora o título independiente eng
044 ## - CÓDIGO DEL PAÍS DE LA ENTIDAD EDITORA/PRODUCTORA
Código MARC del país enk
050 #4 - SIGNATURA TOPOGRÁFICA DE LA BIBLIOTECA DEL CONGRESO
Número de documento/Ítem .N38 2 1947
245 10 - MENCIÓN DE TÍTULO
Título Early Netherlandish School
Resto del título Plates
Mención de responsabilidad, etc. note by Martin Davies.
260 ## - PUBLICACIÓN, DISTRIBUCIÓN, ETC.
Lugar de publicación, distribución, etc. Londres
Nombre del editor, distribuidor, etc. Trustes
Fecha de publicación, distribución, etc. 1952
300 ## - DESCRIPCIÓN FÍSICA
Extensión 121 p.
Otras características físicas il. (algunas a color)
Dimensiones 41 cm.
440 #0 - MENCIÓN DE SERIE/PUNTO DE ACCESO ADICIONAL--TÍTULO
Título National Gallery Catalogues
9 (RLIN) 17654
500 ## - NOTA GENERAL
Nota general Ver también O117 (v.1)
500 ## - NOTA GENERAL
Nota general O189
501 ## - NOTA DE "CON"
Nota de “Con” Contiene reproducciones de todas las obras incluidas en el catálogo de la escuela Flamenca temprana
650 14 - PUNTO DE ACCESO ADICIONAL DE MATERIA--TÉRMINO DE MATERIA
Término de materia o nombre geográfico como elemento de entrada Pintura flamenca
Subdivisión de forma Catálogos
Subdivisión general Galeria Nacional
Subdivisión geográfica Inglaterra
9 (RLIN) 17763
700 1# - PUNTO DE ACCESO ADICIONAL--NOMBRE DE PERSONA
Nombre de persona Davies, Martin
9 (RLIN) 17381
710 2# - PUNTO DE ACCESO ADICIONAL--NOMBRE DE ENTIDAD CORPORATIVA
Nombre de entidad corporativa o nombre de jurisdicción como elemento de entrada National Galery
9 (RLIN) 17646
902 ## - CATALOGADOR
Iniciales GFM
942 ## - ELEMENTOS DE PUNTO DE ACCESO ADICIONAL (KOHA)
Fuente del sistema de clasificación o colocación Library of Congress Classification
Tipo de ítem Koha Libros
Holdings
Estado de retiro Estado de pérdida Estado dañado No para préstamo Localización permanente Ubicación/localización actual Fecha de adquisición Número de inventario Total de préstamos Signatura topográfica completa Código de barras Fecha visto por última vez Precio válido a partir de Tipo de ítem Koha
El ejemplar forma parte de la colección y puede ser consultado según las políticas vigentes.       Biblioteca del Museo Franz Mayer (Rogerio Casas-Alatriste) Biblioteca del Museo Franz Mayer (Rogerio Casas-Alatriste) 12/01/2012 O189   .N38 2 1947 (O189) 7610 22/03/2019 22/03/2019 Libros